Statistics for What's worth more?- Currency #1

Click here to take the quiz!

General Stats

  • This quiz has been taken 20 times
  • The average score is 7 of 11

Answer Stats

QuestionAnswer% Correct
1500 Bangladeshi Taka or 42 Bulgarian Levs?Bulgarian Lev
83%
5 Euros or 1000 Forints?Euro
83%
1 United States Dollar or 1 Great Britain Pound?Great Britain Pound
83%
500 South African rands or 1000 Indian Rupee?South African rand
72%
100 Japanese Yen or 3 Brazilian Reals?Japanese Yen
67%
44 Turkish liras or 3.70 Australian Dollars ?Australian Dollar
61%
65 Mexican Peso or 15 Polish Zloty?Zloty
61%
70 Norwegian Krones or 10 Canadian Dollars?Norwegian Krone
50%
10 Czech Koruna or 2 East Caribbean Dollars?East Caribbean Dollar
39%
100 Egyptian Pounds or 20 Saudi Riyals?Egyptian Pound
28%
10 Argentine Peso or 100 New Zealand Dollars?Argentine Peso
22%

Score Distribution

Percentile by Number Answered

Percent of People with Each Score

Your Score History

You have not taken this quiz